[Event "25. Copenhagen Open  (Politiken Cup)"]
[Site "Copenhagen"]
[Date "2003.07.15"]
[Round "2"]
[White "Edvardsson, Hannu Kalervo"]
[Black "Pedersen, Steen"]
[Result "0-1"]
[WhiteElo "1325"]
[BlackElo "1865"]
[PlyCount "158"]
[EventDate "2003.07.14"]
[EventType "swiss"]
[EventRounds "11"]
[EventCountry "DEN"]
[SourceDate "2004.01.01"]

1. e4 c5 2. c4 e5 3. Nf3 d6 4. Be2 g6 5. d3 Bg7 6. Nc3 Ne7 7. Bd2 O-O 8. O-O
Nbc6 9. a3 f5 10. exf5 Bxf5 11. Qc1 Na5 12. Qd1 Nac6 13. Qc1 Be6 14. Bh6 Nf5
15. Bxg7 Kxg7 16. Qg5 Qxg5 17. Nxg5 Bg8 18. Nge4 Rad8 19. Rad1 Ncd4 20. Rd2 h6
21. Bd1 Be6 22. Ne2 Rf7 23. Nxd4 Nxd4 24. Nc3 Bd7 25. Ne2 Ne6 26. Bc2 Bc6 27.
f3 Ng5 28. Rdd1 Ne6 29. h3 Kh7 30. Kh2 Ng7 31. Bb3 Nf5 32. Rfe1 Nh4 33. Ng1
Rdf8 34. Rf1 Nf5 35. Rde1 Bd7 36. Bd1 Nd4 37. Ne2 Nc6 38. Ba4 Na5 39. Bxd7 Rxd7
40. Nc3 Nb3 41. Rf2 Kg7 42. Ne4 Nd4 43. Nc3 Rff7 44. Ne2 Nc2 45. Rc1 Ne3 46.
Nc3 g5 47. Re2 Nf5 48. Ree1 Nd4 49. Ne2 Ne6 50. Kg1 Rd8 51. Kh2 Kf6 52. Rf1 Re8
53. Rcd1 Rd7 54. Kg1 Nf4 55. Nxf4 exf4 56. Rfe1 Rde7 57. Re4 Re5 58. Kf2 R8e6
59. Ke2 d5 60. cxd5 Rxd5 61. b3 Red6 62. Rc4 b6 63. a4 Rd4 64. Rd2 Ke5 65. Rd1
Rxc4 66. bxc4 Kd4 67. Kd2 Re6 68. Rb1 h5 69. Rb3 Re3 70. Ra3 g4 71. hxg4 hxg4
72. fxg4 Rg3 73. Ke2 Rxg4 74. Kf3 Rg3+ 75. Kf2 Rxd3 76. Rxd3+ Kxd3 77. Kf3 Kxc4
78. Kxf4 Kd4 79. Kf5 c4 0-1

[Event "25. Copenhagen Open  (Politiken Cup)"]
[Site "Copenhagen"]
[Date "2003.07.15"]
[Round "2"]
[White "Egeland, Marte"]
[Black "Johansson, Thomas"]
[Result "1/2-1/2"]
[WhiteElo "1990"]
[BlackElo "2231"]
[PlyCount "62"]
[EventDate "2003.07.14"]
[EventType "swiss"]
[EventRounds "11"]
[EventCountry "DEN"]
[SourceDate "2004.01.01"]

1. e4 d5 2. exd5 Qxd5 3. Nc3 Qd6 4. Nf3 c6 5. Be2 Nf6 6. O-O Bg4 7. d3 Nbd7 8.
Ng5 Bxe2 9. Qxe2 e6 10. f4 Be7 11. Bd2 h6 12. Nge4 Qc7 13. Rab1 Nd5 14. a3
O-O-O 15. b4 f5 16. Nxd5 exd5 17. Nc3 Nf6 18. Qe6+ Qd7 19. Rfe1 Rhe8 20. Qxd7+
Nxd7 21. Re2 Bd6 22. Rbe1 Nf6 23. Nd1 Rxe2 24. Rxe2 Kd7 25. g3 Re8 26. Kf1 Re6
27. Ne3 g6 28. Ng2 Rxe2 29. Kxe2 Ke6 30. Nh4 Kf7 31. Nf3 Nd7 1/2-1/2

[Event "25. Copenhagen Open  (Politiken Cup)"]
[Site "Copenhagen"]
[Date "2003.07.15"]
[Round "2"]
[White "Flindt, Thomas"]
[Black "Brinck Claussen, Bjorn"]
[Result "0-1"]
[WhiteElo "2134"]
[BlackElo "2355"]
[PlyCount "114"]
[EventDate "2003.07.14"]
[EventType "swiss"]
[EventRounds "11"]
[EventCountry "DEN"]
[SourceDate "2004.01.01"]

1. e4 e6 2. d4 d5 3. Nc3 Bb4 4. exd5 exd5 5. Bd3 Nc6 6. Nge2 Bg4 7. f3 Bh5 8.
Bf4 Nge7 9. O-O Bxc3 10. bxc3 Na5 11. Rb1 Bg6 12. Qe1 c6 13. Qg3 Qd7 14. Rfe1
O-O 15. Bd6 Rfe8 16. Bb4 Nc4 17. Nf4 Nf5 18. Qg4 Rxe1+ 19. Rxe1 Re8 20. Rxe8+
Qxe8 21. Bxc4 dxc4 22. h3 b6 23. Nxg6 Qe1+ 24. Kh2 hxg6 25. Qe4 Qf2 26. Qxc6
Ne3 27. f4 Qxf4+ 28. Kg1 Kh7 29. Bd6 Qf5 30. Kh2 Qd5 31. Qxd5 Nxd5 32. Kg3 Nxc3
33. Kf3 f6 34. Bb8 a6 35. Bc7 Nd5 36. Bd6 f5 37. h4 Kg8 38. a3 Kf7 39. Be5 b5
40. Bd6 a5 41. Ke2 Ke6 42. Bf8 Kf7 43. Bd6 g5 44. hxg5 Kg6 45. Bf8 Kxg5 46.
Bxg7 Kg4 47. Be5 f4 48. Kf2 b4 49. axb4 Nxb4 50. Ke2 a4 51. Kd2 Nd5 52. Kc1 c3
53. Kb1 Kg3 54. Ka2 Kxg2 55. Bxf4 Nxf4 56. Ka3 Kf3 57. Kxa4 Ke4 0-1

[Event "25. Copenhagen Open  (Politiken Cup)"]
[Site "Copenhagen"]
[Date "2003.07.15"]
[Round "2"]
[White "Forsmann, Henning"]
[Black "Kaaber Hansen, Jacob"]
[Result "0-1"]
[WhiteElo "1575"]
[BlackElo "2032"]
[PlyCount "58"]
[EventDate "2003.07.14"]
[EventType "swiss"]
[EventRounds "11"]
[EventCountry "DEN"]
[SourceDate "2004.01.01"]

1. d4 Nf6 2. c4 e6 3. g3 d5 4. Bg2 b6 5. Nf3 Be7 6. O-O O-O 7. cxd5 exd5 8. Nc3
Bb7 9. Bf4 Nbd7 10. Rc1 c6 11. Re1 Nh5 12. Bd2 f5 13. e3 Bd6 14. Ne5 g6 15.
Nxd7 Qxd7 16. Ne2 Rac8 17. Qb3 Rf7 18. Rc2 Re8 19. Rec1 g5 20. Re1 Kh8 21. Rcc1
f4 22. exf4 Ba6 23. Bf1 gxf4 24. gxf4 Bxe2 25. Bxe2 Nxf4 26. Bf1 Rg8+ 27. Kh1
Rfg7 28. Ba6 Nh3 29. Qe3 Qg4 0-1

[Event "25. Copenhagen Open  (Politiken Cup)"]
[Site "Copenhagen"]
[Date "2003.07.15"]
[Round "2"]
[White "Frisk, Hans"]
[Black "Brondum, Jan Kraul"]
[Result "1/2-1/2"]
[WhiteElo "1980"]
[BlackElo "1569"]
[PlyCount "48"]
[EventDate "2003.07.14"]
[EventType "swiss"]
[EventRounds "11"]
[EventCountry "DEN"]
[SourceDate "2004.01.01"]

1. e4 e5 2. Nf3 d6 3. d4 Nd7 4. c3 exd4 5. cxd4 Ngf6 6. Bd3 c6 7. O-O Be7 8. b3
Nf8 9. Bb2 Ng6 10. Qd2 O-O 11. Nc3 Bg4 12. Ne1 b5 13. f3 Bd7 14. Ne2 Qb6 15.
Kh1 Rad8 16. Rd1 c5 17. d5 Ne5 18. Bxe5 dxe5 19. f4 Ng4 20. fxe5 Nxe5 21. Bb1
Qd6 22. Nf3 Bf6 23. Nxe5 Bxe5 24. Nf4 g6 1/2-1/2

[Event "25. Copenhagen Open  (Politiken Cup)"]
[Site "Copenhagen"]
[Date "2003.07.15"]
[Round "2"]
[White "Gullaksen, Eirik T"]
[Black "Auchenberg, Per"]
[Result "1-0"]
[WhiteElo "2359"]
[BlackElo "2075"]
[PlyCount "43"]
[EventDate "2003.07.14"]
[EventType "swiss"]
[EventRounds "11"]
[EventCountry "DEN"]
[SourceDate "2004.01.01"]

1. e4 c5 2. Nf3 e6 3. d3 Nc6 4. g3 g6 5. Bg2 Bg7 6. O-O Nge7 7. c3 d5 8. Qe2 b6
9. Re1 Ba6 10. e5 Qc7 11. a4 h6 12. h4 g5 13. hxg5 hxg5 14. Bxg5 Ng6 15. c4
dxc4 16. dxc4 Bb7 17. Nc3 Ngxe5 18. Nb5 Nxf3+ 19. Qxf3 Qd7 20. Rad1 Bd4 21. Qf4
Ne5 22. Bxb7 1-0

[Event "25. Copenhagen Open  (Politiken Cup)"]
[Site "Copenhagen"]
[Date "2003.07.15"]
[Round "2"]
[White "Hansen, Ejlif Trier"]
[Black "Christensen, Henrik"]
[Result "0-1"]
[WhiteElo "1291"]
[BlackElo "1802"]
[PlyCount "50"]
[EventDate "2003.07.14"]
[EventType "swiss"]
[EventRounds "11"]
[EventCountry "DEN"]
[SourceDate "2004.01.01"]

1. d4 Nf6 2. c4 c5 3. Nf3 cxd4 4. Nxd4 Nc6 5. Bg5 Ne4 6. Nxc6 bxc6 7. Bd2 Qb6
8. Be3 Qxb2 9. Nd2 Nc3 10. Qc1 Qxc1+ 11. Rxc1 Nxa2 12. Ra1 Nb4 13. Kd1 d6 14.
c5 Nd5 15. Nc4 Nxe3+ 16. Nxe3 d5 17. g3 e5 18. Ra5 Be7 19. Bg2 Be6 20. Kc2 O-O
21. Rha1 h6 22. Nd1 Rfc8 23. Nb2 Rc7 24. Na4 Rb8 25. e3 Rb5 0-1

[Event "25. Copenhagen Open  (Politiken Cup)"]
[Site "Copenhagen"]
[Date "2003.07.15"]
[Round "2"]
[White "Hansen, Erik Friberg"]
[Black "Baark, Mathias"]
[Result "0-1"]
[WhiteElo "1220"]
[BlackElo "1800"]
[PlyCount "64"]
[EventDate "2003.07.14"]
[EventType "swiss"]
[EventRounds "11"]
[EventCountry "DEN"]
[SourceDate "2004.01.01"]

1. d4 f5 2. c4 Nf6 3. Nc3 g6 4. Nf3 Bg7 5. e3 O-O 6. g3 d6 7. Bg2 c6 8. O-O Qe8
9. Bd2 e5 10. dxe5 dxe5 11. Rc1 Nbd7 12. b4 e4 13. Ne1 Ne5 14. Na4 Be6 15. Nb2
Rd8 16. a3 Qd7 17. Rc2 Qf7 18. Qc1 Nxc4 19. Nxc4 Bxc4 20. Rxc4 Rxd2 21. Qxd2
Qxc4 22. Nc2 Ng4 23. Qd1 Bf6 24. Nd4 Ne5 25. Qb3 Qxb3 26. Nxb3 Rd8 27. Rc1 Nd3
28. Rd1 b6 29. Bf1 Bb2 30. a4 Ba3 31. b5 c5 32. Nd2 Nb2 0-1

[Event "25. Copenhagen Open  (Politiken Cup)"]
[Site "Copenhagen"]
[Date "2003.07.15"]
[Round "2"]
[White "Hanssen, Gunnar Berg"]
[Black "Madsen, Poul Henrik"]
[Result "1-0"]
[WhiteElo "2280"]
[BlackElo "2080"]
[PlyCount "113"]
[EventDate "2003.07.14"]
[EventType "swiss"]
[EventRounds "11"]
[EventCountry "DEN"]
[SourceDate "2004.01.01"]

1. d4 d5 2. c4 c6 3. Nc3 e6 4. e3 f5 5. Nf3 Nf6 6. Be2 Bd6 7. O-O O-O 8. Ne5
Nbd7 9. f4 Ne4 10. Bd2 Ndf6 11. Rb1 Nxd2 12. Qxd2 a5 13. a3 Qe7 14. c5 Bc7 15.
b4 axb4 16. axb4 Ne4 17. Nxe4 fxe4 18. b5 Bxe5 19. fxe5 Rxf1+ 20. Bxf1 Bd7 21.
bxc6 Bxc6 22. g3 Qg5 23. Bh3 Qh6 24. Kg2 Rf8 25. Qe2 Rf3 26. Rf1 Rxf1 27. Qxf1
Bd7 28. Qe2 Kf7 29. Bg4 Qg5 30. h4 Qd8 31. Qa2 Ke7 32. Qa7 Bc6 33. Kf2 Qf8+ 34.
Kg2 Kd7 35. Kg1 Qd8 36. Kf2 Qf8+ 37. Ke1 Qd8 38. Be2 Ke7 39. Kd2 Qf8 40. g4 g6
41. Qb6 Kd7 42. Ke1 Qe7 43. g5 Qd8 44. Qxd8+ Kxd8 45. Kd2 Kc7 46. Kc3 b6 47.
Kb4 Be8 48. Ba6 Bd7 49. Bf1 Be8 50. Be2 Bd7 51. h5 Be8 52. Bg4 Bd7 53. h6 Kb7
54. Be2 bxc5+ 55. Kxc5 Kc7 56. Bg4 Bc8 57. Bh5 1-0

[Event "25. Copenhagen Open  (Politiken Cup)"]
[Site "Copenhagen"]
[Date "2003.07.15"]
[Round "2"]
[White "Harestad, Hans Krogh"]
[Black "Hansen, Anders"]
[Result "1-0"]
[WhiteElo "2249"]
[BlackElo "2044"]
[PlyCount "89"]
[EventDate "2003.07.14"]
[EventType "swiss"]
[EventRounds "11"]
[EventCountry "DEN"]
[SourceDate "2004.01.01"]

1. d4 Nf6 2. c4 e6 3. Nc3 Bb4 4. Qc2 O-O 5. a3 Bxc3+ 6. Qxc3 b6 7. Bg5 Bb7 8.
f3 h6 9. Bh4 d5 10. e3 Nbd7 11. c5 c6 12. Bg3 bxc5 13. dxc5 e5 14. Bxe5 Nxe5
15. Qxe5 Re8 16. Qd4 Ba6 17. Bxa6 Qa5+ 18. b4 Qxa6 19. Ne2 Re7 20. Kf2 Rae8 21.
Rhe1 Rxe3 22. Qxe3 Rxe3 23. Kxe3 Qc4 24. Red1 Qh4 25. h3 Nd7 26. Rac1 Ne5 27.
Nd4 Qg5+ 28. f4 Qg3+ 29. Nf3 Nc4+ 30. Rxc4 dxc4 31. b5 cxb5 32. c6 Qg6 33. Ne5
Qe6 34. Rd7 Kh7 35. c7 Qb6+ 36. Kd2 Qb7 37. Rxf7 a5 38. Ke3 b4 39. axb4 axb4
40. f5 Qb6+ 41. Ke4 Qb7+ 42. Kf4 c3 43. f6 c2 44. Rxg7+ Kh8 45. Ng6# 1-0

[Event "25. Copenhagen Open  (Politiken Cup)"]
[Site "Copenhagen"]
[Date "2003.07.15"]
[Round "2"]
[White "Hartvig, Ove Weiss"]
[Black "Edvardsen, Ragnar"]
[Result "1-0"]
[WhiteElo "2295"]
[BlackElo "2092"]
[PlyCount "73"]
[EventDate "2003.07.14"]
[EventType "swiss"]
[EventRounds "11"]
[EventCountry "DEN"]
[SourceDate "2004.01.01"]

1. e4 c5 2. Nc3 Nc6 3. g3 g6 4. Bg2 Bg7 5. f4 d6 6. d3 e6 7. Nf3 Nge7 8. O-O
O-O 9. Be3 a6 10. d4 cxd4 11. Nxd4 Nxd4 12. Bxd4 Nc6 13. Bxg7 Kxg7 14. Kh1 Qc7
15. Qd2 b5 16. f5 f6 17. Rad1 Ne5 18. fxe6 Bxe6 19. Qxd6 Qf7 20. Qd4 Rac8 21.
Rd2 Rc4 22. Qf2 Ng4 23. Qe2 g5 24. Nd5 Qa7 25. h3 Ne5 26. c3 a5 27. a3 Qb8 28.
Kh2 Qe8 29. Ne3 b4 30. axb4 axb4 31. Rd4 Rxd4 32. cxd4 Ng6 33. Nf5+ Bxf5 34.
Rxf5 Qa4 35. Rb5 Rc8 36. Rb7+ Kh6 {Diagram #} 37. Qh5+ 1-0

[Event "25. Copenhagen Open  (Politiken Cup)"]
[Site "Copenhagen"]
[Date "2003.07.15"]
[Round "2"]
[White "Hasling, Rolf Hjortkjaer"]
[Black "Rasmussen, Jens"]
[Result "1-0"]
[WhiteElo "2040"]
[BlackElo "1638"]
[PlyCount "141"]
[EventDate "2003.07.14"]
[EventType "swiss"]
[EventRounds "11"]
[EventCountry "DEN"]
[SourceDate "2004.01.01"]

1. e4 c5 2. Nf3 d6 3. d4 cxd4 4. Nxd4 Nf6 5. Nc3 a6 6. Be2 e5 7. Nb3 Be6 8. Bf3
Nbd7 9. Be3 Be7 10. O-O O-O 11. Nd5 Bxd5 12. exd5 b5 13. a4 Qc7 14. axb5 axb5
15. Qd3 Qc4 16. Na5 Qxd3 17. cxd3 Bd8 18. Nc6 Bb6 19. Rfc1 Bxe3 20. fxe3 Nc5
21. Rxa8 Rxa8 22. Nxe5 Nb3 23. Rc3 Nd2 24. Rc2 Nxf3+ 25. Nxf3 Nxd5 26. Kf2 Nb4
27. Rd2 Kf8 28. Nd4 Rb8 29. Ke2 g6 30. g4 Rb7 31. Rd1 Nd5 32. Kf3 Nf6 33. Ra1
Nd7 34. Ra8+ Kg7 35. h3 Nc5 36. Ke2 b4 37. Rd8 Rb6 38. Ra8 h6 39. e4 Kf6 40. h4
Nd7 41. Nf3 Rc6 42. g5+ hxg5 43. hxg5+ Kg7 44. Kd2 Rb6 45. d4 Nf8 46. Rc8 Ne6
47. Ke3 f6 48. gxf6+ Kxf6 49. d5 Nc5 50. Rc6 Na4 51. e5+ Ke7 52. exd6+ Kd8 53.
b3 Nc3 54. Rxb6 Nxd5+ 55. Kd4 Nxb6 56. Kc5 Nd7+ 57. Kxb4 Kc8 58. Kb5 Kb7 59. b4
Nf8 60. Ng5 Nd7 61. Ne6 Nf6 62. Kc5 Nd7+ 63. Kb5 Nf6 64. Nc5+ Kc8 65. Kc6 g5
66. d7+ Nxd7 67. Nxd7 g4 68. Ne5 g3 69. Kb6 Kb8 70. b5 g2 71. Nf3 1-0

[Event "25. Copenhagen Open  (Politiken Cup)"]
[Site "Copenhagen"]
[Date "2003.07.15"]
[Round "2"]
[White "Hector, Jonny"]
[Black "Skaanning Pedersen, Kim Henrik"]
[Result "1-0"]
[WhiteElo "2538"]
[BlackElo "2187"]
[PlyCount "53"]
[EventDate "2003.07.14"]
[EventType "swiss"]
[EventRounds "11"]
[EventCountry "DEN"]
[SourceDate "2004.01.01"]

1. e4 c5 2. Nf3 Nc6 3. d4 cxd4 4. Nxd4 g6 5. Nc3 Bg7 6. Be3 Nf6 7. Bc4 O-O 8.
Bb3 d6 9. f3 Bd7 10. Qe2 Qa5 11. Rd1 Rac8 12. O-O a6 13. Kh1 Ne5 14. Bd2 Qb6
15. Bg5 e6 16. f4 Nc6 17. Nxc6 Bxc6 18. Rxd6 Qb4 19. e5 Nh5 20. a3 Qa5 21. Ne4
h6 22. Be7 Rfe8 23. Nf6+ Bxf6 24. exf6 Ng7 25. Rxc6 Rxc6 26. Bb4 Qh5 27. g4 1-0

[Event "25. Copenhagen Open  (Politiken Cup)"]
[Site "Copenhagen"]
[Date "2003.07.15"]
[Round "2"]
[White "Hein, Jacob"]
[Black "Brasoy, Aksel"]
[Result "1-0"]
[WhiteElo "1220"]
[BlackElo "1794"]
[PlyCount "46"]
[EventDate "2003.07.14"]
[EventType "swiss"]
[EventRounds "11"]
[EventCountry "DEN"]
[SourceDate "2004.01.01"]

1. d4 Nf6 2. c4 e6 3. Nc3 Bb4 4. Qc2 Nc6 5. Nf3 d6 6. Bd2 O-O 7. h3 e5 8. dxe5
dxe5 9. e3 a5 10. a3 Bc5 11. Bd3 h6 12. g4 g5 13. Ne4 Nxe4 14. Bxe4 Qf6 15.
O-O-O Rd8 16. Rdg1 Qg7 17. Bc3 f6 18. h4 gxh4 19. Nxh4 Ne7 20. Nf5 Qf8 21.
Nxh6+ Kg7 22. Bf5 Qe8 23. g5 Bxf5 1-0

[Event "25. Copenhagen Open  (Politiken Cup)"]
[Site "Copenhagen"]
[Date "2003.07.15"]
[Round "2"]
[White "Helin, Mikael"]
[Black "Pedersen, Kaj Vinding"]
[Result "1-0"]
[WhiteElo "1971"]
[BlackElo "1553"]
[PlyCount "89"]
[EventDate "2003.07.14"]
[EventType "swiss"]
[EventRounds "11"]
[EventCountry "DEN"]
[SourceDate "2004.01.01"]

1. e4 Nf6 2. Nc3 d5 3. d4 dxe4 4. f3 Bf5 5. g4 Bg6 6. h4 h6 7. Nh3 e6 8. h5 Bh7
9. a3 Bd6 10. f4 Nd5 11. Nb5 a6 12. Nxd6+ cxd6 13. c4 Ne7 14. Be3 d5 15. Qb3
Qd7 16. f5 exf5 17. Nf4 fxg4 18. Be2 Bf5 19. cxd5 O-O 20. O-O-O Rd8 21. Rhf1
Qc7+ 22. Kb1 Nd7 23. Ng6 Bxg6 24. hxg6 Qd6 25. gxf7+ Kf8 26. Bf4 Qxd5 27. Bc4
Qc6 28. d5 Qb6 29. Qc3 Qf6 30. Qe3 Qg6 31. d6 Nf5 32. Qxe4 Nh4 33. Bd3 Qxe4 34.
Bxe4 Rab8 35. Rc1 b5 36. Bg3 g5 37. Rc7 Nf3 38. Bxf3 gxf3 39. Rxf3 a5 40. Re3
Nb6 41. Re6 Rd7 42. Be5 Rxf7 43. Rxh6 Rxc7 44. dxc7 Rc8 45. Rxb6 1-0

[Event "25. Copenhagen Open  (Politiken Cup)"]
[Site "Copenhagen"]
[Date "2003.07.15"]
[Round "2"]
[White "Hesselberg, Leif"]
[Black "Christoffersen, Jan"]
[Result "1-0"]
[WhiteElo "1913"]
[BlackElo "1398"]
[PlyCount "71"]
[EventDate "2003.07.14"]
[EventType "swiss"]
[EventRounds "11"]
[EventCountry "DEN"]
[SourceDate "2004.01.01"]

1. d4 Nf6 2. c4 g6 3. Nc3 Bg7 4. e4 d6 5. f3 O-O 6. Be3 Nbd7 7. Qd2 e5 8. Nge2
c6 9. O-O-O a5 10. Bh6 a4 11. g4 exd4 12. Nxd4 Ne5 13. Be2 c5 14. Ndb5 Bxh6 15.
Qxh6 a3 16. b3 Be6 17. Rxd6 Qe7 18. h4 Kh8 19. h5 Ng8 20. Qe3 Rad8 21. hxg6
Nxg6 22. Qxc5 Rxd6 23. Nxd6 Qf6 24. Qe3 Nf4 25. e5 Qg5 26. Kc2 Qg6+ 27. Bd3
Nxd3 28. Qxd3 f5 29. f4 Qxg4 30. Qh3 Qg6 31. Nxb7 Rc8 32. Nd6 Rc5 33. Ne2 Rxe5
34. Qc3 Ne7 35. Qxe5+ Kg8 36. Rg1 1-0

[Event "25. Copenhagen Open  (Politiken Cup)"]
[Site "Copenhagen"]
[Date "2003.07.15"]
[Round "2"]
[White "Hoi, Carsten"]
[Black "Christensen, Christian"]
[Result "1-0"]
[WhiteElo "2385"]
[BlackElo "2113"]
[PlyCount "57"]
[EventDate "2003.07.14"]
[EventType "swiss"]
[EventRounds "11"]
[EventCountry "DEN"]
[SourceDate "2004.01.01"]

1. d4 Nf6 2. Nf3 e6 3. c4 c5 4. e3 d5 5. Nc3 Nc6 6. a3 Ne4 7. Qc2 Nxc3 8. bxc3
Bd6 9. Bd3 h6 10. O-O Qc7 11. cxd5 exd5 12. c4 dxc4 13. Bxc4 cxd4 14. exd4 O-O
15. Bxh6 Ne7 16. Bg5 Bf5 17. Qa2 Ng6 18. Rfc1 Bf4 19. Bxf4 Qxf4 20. Re1 Rac8
21. Bb3 Rc3 22. Ne5 Nh4 23. g3 Qg5 24. Qb2 Rfc8 25. Bd5 R8c7 26. Nxf7 Qh5 27.
Re8+ Kh7 28. Rh8+ Kg6 29. Ne5+ 1-0

[Event "25. Copenhagen Open  (Politiken Cup)"]
[Site "Copenhagen"]
[Date "2003.07.15"]
[Round "2"]
[White "Holst, Allan"]
[Black "Laursen, Niels Norskov"]
[Result "1-0"]
[WhiteElo "2361"]
[BlackElo "2109"]
[PlyCount "37"]
[EventDate "2003.07.14"]
[EventType "swiss"]
[EventRounds "11"]
[EventCountry "DEN"]
[SourceDate "2004.01.01"]

1. d4 Nf6 2. Nf3 e6 3. Bg5 h6 4. Bxf6 Qxf6 5. e4 d6 6. Nc3 Nd7 7. Qd2 g6 8. Nb5
Kd8 9. Qc3 c6 10. e5 dxe5 11. dxe5 Qe7 12. Nd6 Bg7 13. O-O-O Kc7 14. h4 Rd8 15.
Qb4 Qf8 16. Qf4 g5 17. hxg5 hxg5 18. Qxf7 g4 19. Nd4 1-0

[Event "25. Copenhagen Open  (Politiken Cup)"]
[Site "Copenhagen"]
[Date "2003.07.15"]
[Round "2"]
[White "Houska, Jovanka"]
[Black "Jorgensen, Dennis"]
[Result "1-0"]
[WhiteElo "2350"]
[BlackElo "2104"]
[PlyCount "123"]
[EventDate "2003.07.14"]
[EventType "swiss"]
[EventRounds "11"]
[EventCountry "DEN"]
[SourceDate "2004.01.01"]

1. e4 d6 2. d4 Nf6 3. Nc3 g6 4. Nf3 Bg7 5. Be2 O-O 6. O-O Bg4 7. h3 Bxf3 8.
Bxf3 e5 9. dxe5 dxe5 10. Be3 Qe7 11. Nd5 Nxd5 12. Qxd5 c6 13. Qc5 Qc7 14. Rfd1
Re8 15. Rd3 Bf8 16. Qc3 Nd7 17. Rad1 Nb6 18. Qa5 c5 19. c4 Qc6 20. b3 Nc8 21.
Qd2 a6 22. Bg4 Nb6 23. f4 h5 24. Bf3 Nc8 25. fxe5 Bg7 26. e6 Rxe6 27. e5 Qc7
28. Rd7 Qxe5 29. Bf4 Qf5 30. Bxb7 Nb6 31. Rd5 Nxd5 32. cxd5 Rd8 33. Qa5 Ree8
34. Bc7 Qc2 35. Qd2 Bd4+ 36. Kh2 Qxd2 37. Rxd2 Rd7 38. Bc6 Red8 39. Bxd8 Rxd8
40. Kg3 Kg7 41. Kf3 Kf6 42. Ke4 Ke7 43. Rc2 Rb8 44. Kd3 Kd6 45. Re2 Be5 46. Re4
g5 47. Ra4 Rb6 48. g4 h4 49. Be8 Ke7 50. Re4 f6 51. Bg6 Kd6 52. Bf7 Rb4 53.
Rxb4 cxb4 54. Kc4 a5 55. Be6 Bf4 56. Kb5 Bd2 57. Kxa5 Be1 58. Ka4 f5 59. gxf5
Ke5 60. Kb5 Bd2 61. Kc6 g4 62. hxg4 1-0

[Event "25. Copenhagen Open  (Politiken Cup)"]
[Site "Copenhagen"]
[Date "2003.07.15"]
[Round "2"]
[White "Hvenekilde, Jorgen"]
[Black "Preuss, Flemming"]
[Result "1-0"]
[WhiteElo "2259"]
[BlackElo "2083"]
[PlyCount "119"]
[EventDate "2003.07.14"]
[EventType "swiss"]
[EventRounds "11"]
[EventCountry "DEN"]
[SourceDate "2004.01.01"]

1. d4 Nf6 2. c4 e5 3. dxe5 Ng4 4. Nf3 Nc6 5. Nc3 Ngxe5 6. Nxe5 Nxe5 7. b3 Bc5
8. e3 d6 9. Be2 O-O 10. a3 a5 11. Bb2 Qh4 12. Nd5 c6 13. g3 Qd8 14. Nf4 Bf5 15.
Nd3 Nxd3+ 16. Bxd3 Qg5 17. h4 Qg4 18. h5 Rfe8 19. Qxg4 Bxg4 20. Rh4 Be6 21. Rc1
Rad8 22. Be4 Bb6 23. Bf3 d5 24. c5 Bc7 25. Bd4 Bf5 26. Kd2 Be5 27. Bxe5 Rxe5
28. Ra4 Be4 29. Be2 h6 30. Rd1 d4 31. Rxd4 Red5 32. Ke1 Rxd4 33. Rxd4 Rxd4 34.
exd4 Bf5 35. Kd2 Kf8 36. Bf3 Be6 37. b4 axb4 38. axb4 Ke7 39. b5 Kd7 40. Kc3
Kc7 41. Kb4 f6 42. Be2 Bf7 43. Bf3 Be6 44. Be4 Bf7 45. g4 Be6 46. f3 Bf7 47.
b6+ Kb8 48. Kc3 Kc8 49. d5 cxd5 50. Bf5+ Kd8 51. Kd4 Be8 52. Be6 g6 53. hxg6
Bxg6 54. Kxd5 Be8 55. Kd6 h5 56. gxh5 Bxh5 57. c6 Be8 58. cxb7 Bd7 59. Bxd7 f5
60. b8=Q# 1-0

[Event "25. Copenhagen Open  (Politiken Cup)"]
[Site "Copenhagen"]
[Date "2003.07.15"]
[Round "2"]
[White "Hogh, Sidsel T"]
[Black "Udmark, Jonas"]
[Result "0-1"]
[WhiteElo "1438"]
[BlackElo "1964"]
[PlyCount "98"]
[EventDate "2003.07.14"]
[EventType "swiss"]
[EventRounds "11"]
[EventCountry "DEN"]
[SourceDate "2004.01.01"]

1. d4 Nf6 2. c4 e6 3. Nc3 Bb4 4. Qc2 c5 5. dxc5 Bxc5 6. Nf3 Nc6 7. Bg5 Be7 8.
e3 b6 9. Be2 Bb7 10. O-O O-O 11. Rfd1 Qc8 12. a3 Rd8 13. e4 d6 14. Rd2 Na5 15.
b3 Rd7 16. Rad1 Qf8 17. e5 Ne8 18. Bxe7 Qxe7 19. exd6 Rxd6 20. Rxd6 Nxd6 21.
Ne5 Nc6 22. Nxc6 Bxc6 23. a4 a5 24. Bd3 g6 25. Ne4 Rd8 26. Nxd6 Rxd6 27. Be2
Qd8 28. Rxd6 Qxd6 29. Qd1 Qxd1+ 30. Bxd1 Be4 31. g3 Kf8 32. Kf1 Bb1 33. Ke2 Ke7
34. Kd2 e5 35. Kc3 Kd6 36. b4 Be4 37. bxa5 bxa5 38. Bb3 Kc5 39. Bd1 Bc6 40. Bc2
e4 41. Bd1 f5 42. Bc2 g5 43. Bd1 f4 44. gxf4 gxf4 45. Bc2 h6 46. Bd1 f3 47. Kd2
Kxc4 48. Ke3 Kc3 49. h3 Bd5 0-1

[Event "25. Copenhagen Open  (Politiken Cup)"]
[Site "Copenhagen"]
[Date "2003.07.15"]
[Round "2"]
[White "Jakobsen, Hans Endrup"]
[Black "Rasmussen, Poul"]
[Result "1-0"]
[WhiteElo "1918"]
[BlackElo "1498"]
[PlyCount "47"]
[EventDate "2003.07.14"]
[EventType "swiss"]
[EventRounds "11"]
[EventCountry "DEN"]
[SourceDate "2004.01.01"]

1. e4 e6 2. d4 d5 3. Nc3 Nf6 4. Bg5 Be7 5. e5 Nfd7 6. Bxe7 Qxe7 7. f4 c5 8. Nf3
Nc6 9. Nb5 O-O 10. c3 Nb6 11. Bd3 cxd4 12. Bxh7+ Kxh7 13. Ng5+ Qxg5 14. fxg5 g6
15. cxd4 Nc4 16. b3 Ne3 17. Qd3 Nf5 18. g4 Nfe7 19. O-O Nd8 20. Rf6 b6 21. Qh3+
Kg8 22. Rc1 Ba6 23. Nc7 Rc8 24. Rc3 1-0

[Event "25. Copenhagen Open  (Politiken Cup)"]
[Site "Copenhagen"]
[Date "2003.07.15"]
[Round "2"]
[White "Jakobsen, Ole"]
[Black "Andersen, Erik Rune Egede"]
[Result "1-0"]
[WhiteElo "2381"]
[BlackElo "2109"]
[PlyCount "68"]
[EventDate "2003.07.14"]
[EventType "swiss"]
[EventRounds "11"]
[EventCountry "DEN"]
[SourceDate "2004.01.01"]

1. d4 d5 2. Nf3 Nf6 3. c4 dxc4 4. e3 e6 5. Bxc4 c5 6. O-O a6 7. a4 Nc6 8. Qe2
Qc7 9. Nc3 Be7 10. dxc5 Bxc5 11. h3 O-O 12. e4 Bd7 13. Be3 Qb6 14. Bxc5 Qxc5
15. Rfd1 Ne5 16. Nxe5 Qxe5 17. f4 Qc5+ 18. Kh2 Bc6 19. e5 Nd5 20. Bxd5 exd5 21.
Qd2 Rad8 22. Qd4 Qc4 23. Rd2 f6 24. e6 Rfe8 25. f5 Qxd4 26. Rxd4 Rd6 27. Rad1
Rc8 28. Nxd5 Bxd5 29. Rxd5 Rxd5 30. Rxd5 g6 31. g4 gxf5 32. gxf5 h6 33. Kg3 Kf8
34. Rd7 Rc2 1-0

[Event "25. Copenhagen Open  (Politiken Cup)"]
[Site "Copenhagen"]
[Date "2003.07.15"]
[Round "2"]
[White "Jensen, Alexander Lindberg"]
[Black "Moller, Arne"]
[Result "0-1"]
[WhiteElo "1539"]
[BlackElo "1975"]
[PlyCount "74"]
[EventDate "2003.07.14"]
[EventType "swiss"]
[EventRounds "11"]
[EventCountry "DEN"]
[SourceDate "2004.01.01"]

1. d4 Nf6 2. c4 e6 3. Nc3 Bb4 4. Bd2 O-O 5. e3 d6 6. Nf3 Nbd7 7. a3 Bxc3 8.
Bxc3 Ne4 9. Qc2 f5 10. Bd3 Ndf6 11. O-O b6 12. Nd2 Bb7 13. f3 Nxc3 14. Qxc3 Qd7
15. e4 f4 16. d5 e5 17. b4 Rac8 18. b5 a5 19. a4 Nh5 20. Rf2 Qe7 21. Kf1 Qh4
22. h3 Rf6 23. Qc2 Rcf8 24. Ke1 Bc8 25. Nf1 Ng3 26. Nxg3 fxg3 27. Rf1 Bxh3 28.
Rh1 Rxf3 29. Rxh3 Re3+ 30. Kd1 Qg5 31. Rh1 Rf2 32. Qc3 Qg4+ 33. Kc1 Qf4 34. Kb1
Rxg2 35. Ra2 Rxa2 36. Kxa2 g2 37. Rg1 Qf2+ 0-1